Sports Quiz

Random Sports or Football Quiz
Score 0/152 Timer 05:00
0 Plays Today
Year Player % Correct
1989Herschel Walker
93.1%
1989Herschel Walker
93.1%
1989Herschel Walker
93.1%
1989Herschel Walker
93.1%
1989Herschel Walker
93.1%
1989Herschel Walker
93.1%
1989Herschel Walker
93.1%
1980Ted Brown
83.3%
1980Ted Brown
83.3%
1980Ted Brown
83.3%
1980Ted Brown
83.3%
1980Ted Brown
83.3%
1980Ted Brown
83.3%
1980Ted Brown
83.3%
1980Ted Brown
83.3%
1980Ted Brown
83.3%
1980Ted Brown
83.3%
1980Ted Brown
83.3%
1980Ted Brown
83.3%
1980Ted Brown
83.3%
1980Ted Brown
83.3%
1981Ted Brown
83.3%
1981Ted Brown
83.3%
1981Ted Brown
83.3%
1981Ted Brown
83.3%
1981Ted Brown
83.3%
1981Ted Brown
83.3%
1981Ted Brown
83.3%
1981Ted Brown
83.3%
1981Ted Brown
83.3%
1981Ted Brown
83.3%
1981Ted Brown
83.3%
1981Ted Brown
83.3%
1981Ted Brown
83.3%
1981Ted Brown
83.3%
1982Ted Brown
83.3%
1982Ted Brown
83.3%
1982Ted Brown
83.3%
1982Ted Brown
83.3%
1982Ted Brown
83.3%
1982Ted Brown
83.3%
1982Ted Brown
83.3%
1982Ted Brown
83.3%
1983Ted Brown
83.3%
1983Ted Brown
83.3%
1983Ted Brown
83.3%
1983Ted Brown
83.3%
1983Ted Brown
83.3%
1983Ted Brown
83.3%
1983Ted Brown
83.3%
1984Ted Brown
83.3%
Year Player % Correct
1984Ted Brown
83.3%
1984Ted Brown
83.3%
1985Ted Brown
83.3%
1985Ted Brown
83.3%
1985Ted Brown
83.3%
1985Ted Brown
83.3%
1986Ted Brown
83.3%
1989Darrin Nelson
73.6%
1982Darrin Nelson
73.6%
1983Darrin Nelson
73.6%
1983Darrin Nelson
73.6%
1983Darrin Nelson
73.6%
1983Darrin Nelson
73.6%
1984Darrin Nelson
73.6%
1984Darrin Nelson
73.6%
1984Darrin Nelson
73.6%
1984Darrin Nelson
73.6%
1984Darrin Nelson
73.6%
1985Darrin Nelson
73.6%
1985Darrin Nelson
73.6%
1985Darrin Nelson
73.6%
1985Darrin Nelson
73.6%
1985Darrin Nelson
73.6%
1985Darrin Nelson
73.6%
1985Darrin Nelson
73.6%
1985Darrin Nelson
73.6%
1985Darrin Nelson
73.6%
1985Darrin Nelson
73.6%
1985Darrin Nelson
73.6%
1985Darrin Nelson
73.6%
1986Darrin Nelson
73.6%
1986Darrin Nelson
73.6%
1986Darrin Nelson
73.6%
1986Darrin Nelson
73.6%
1986Darrin Nelson
73.6%
1986Darrin Nelson
73.6%
1986Darrin Nelson
73.6%
1986Darrin Nelson
73.6%
1986Darrin Nelson
73.6%
1986Darrin Nelson
73.6%
1986Darrin Nelson
73.6%
1987Darrin Nelson
73.6%
1987Darrin Nelson
73.6%
1987Darrin Nelson
73.6%
1987Darrin Nelson
73.6%
1987Darrin Nelson
73.6%
1987Darrin Nelson
73.6%
1988Darrin Nelson
73.6%
1988Darrin Nelson
73.6%
1988Darrin Nelson
73.6%
1988Darrin Nelson
73.6%
Year Player % Correct
1988Darrin Nelson
73.6%
1988Darrin Nelson
73.6%
1989Wade Wilson
68.1%
1987Wade Wilson
68.1%
1987Wade Wilson
68.1%
1989Alfred Anderson
65.3%
1984Alfred Anderson
65.3%
1984Alfred Anderson
65.3%
1984Alfred Anderson
65.3%
1984Alfred Anderson
65.3%
1984Alfred Anderson
65.3%
1984Alfred Anderson
65.3%
1984Alfred Anderson
65.3%
1986Alfred Anderson
65.3%
1986Alfred Anderson
65.3%
1987Alfred Anderson
65.3%
1988Alfred Anderson
65.3%
1989Hassan Jones
59.7%
1980Rickey Young
44.4%
1989D.J. Dozier
33.3%
1986Allen Rice
33.3%
1986Allen Rice
33.3%
1987D.J. Dozier
33.3%
1987D.J. Dozier
33.3%
1988Allen Rice
33.3%
1988D.J. Dozier
33.3%
1988Allen Rice
33.3%
1988Allen Rice
33.3%
1988Allen Rice
33.3%
1989Rick Fenney
30.6%
1989Rick Fenney
30.6%
1989Rick Fenney
30.6%
1989Rick Fenney
30.6%
1987Rick Fenney
30.6%
1988Rick Fenney
30.6%
1988Rick Fenney
30.6%
1988Rick Fenney
30.6%
1988Rick Fenney
30.6%
1980Robert Miller
23.6%
1981Tony Galbreath
23.6%
1983Tony Galbreath
23.6%
1983Tony Galbreath
23.6%
1983Tony Galbreath
23.6%
1983Tony Galbreath
23.6%
1983Tony Galbreath
23.6%
1984Archie Manning
12.5%
1981Jarvis Redwine
8.3%
1987Jeff Womack
4.2%
1987James Brim
4.2%
1987Lakei Heimuli
1.4%
Remove Ads.
Support Sporcle.
Get the best of Sporcle when you Go Orange. This ad-free experience offers more features, more stats, and more fun while also helping to support Sporcle. Thank you for becoming a member.

You're not logged in!

Compare scores with friends on all Sporcle quizzes.
OR
Log In

Show Comments

Extras

Top Quizzes Today


Score Distribution

Your Account Isn't Verified!

In order to create a playlist on Sporcle, you need to verify the email address you used during registration. Go to your Sporcle Settings to finish the process.

Report this User

Report this user for behavior that violates our Community Guidelines.

Details: